| 000 | 00476nam a22001817a 4500 | ||
|---|---|---|---|
| 003 | CEME | ||
| 005 | 20210628210619.0 | ||
| 008 | 210210b xxu||||| |||| 00| 0 eng d | ||
| 020 | _a0-87226-223-5 | ||
| 040 | _c. | ||
| 082 | _a932 MER | ||
| 100 |
_aMertz, Barbara _980171 |
||
| 245 | _aTemples, tombs and hieroglyphs a popular history of ancient egypt | ||
| 260 |
_aNEW YORK _bPETER BEDRICK _c1978 |
||
| 300 | _a350P | ||
| 650 |
_aEGYPT HISTORY _980172 |
||
| 942 |
_cBK _2ddc |
||
| 999 |
_c585137 _d585137 |
||